000
00320nam a2200133Ia 4500
005
20260328104309.0
008
260328s9999||||xx |||||||||||||| ||und||
100
_a
Ortiz, Isabel
245
0
_a
Biclicletas Muy Antiguas /
_c
Isabel Ortiz
260
_b
Susaeta
300
_a
250 p.
650
_a
BICLICLETAS
942
_c
BK
999
_c
10888
_d
10888